000 01024cac a22002411u 4500
090 _c6077
008 081103t1997 xxu||||| |||| 00| 0 eng d
010 _a96016982
020 _a0198200013 (alk. paper)
082 0 0 _a133.43094
_bCLA
100 _aClark, Stuart.
245 1 0 _aThinking with demons :
_bthe idea of witchcraft in early modern Europe /
_cStuart Clark.
260 _aOxford [England] :
_bClarendon Press ;
_aNew York :
_bOxford University Press,
_c1997.
300 _axvii, 827 p. :
_bill. ;
_c25 cm.
500 _adistributer: Al-Ahram
504 _aIncludes bibliographical references (p. [687]-772) and index.
511 _acatalgoued by: wessam
650 0 _aWitchcraft
_zEurope
_xHistory.
651 0 _aEurope
_xReligion.
856 4 2 _3Publisher description
_uhttp://www.loc.gov/catdir/enhancements/fy0638/96016982-d.html
942 _cBB
_k133.43094CLA
_2ddc
999 _c6077
_d6077